[Event "GER-chB Seniors 28th"]
[Site "Niederhausen"]
[Date "2016.08.15"]
[Round "3"]
[White "Wiegandt, Klaus"]
[Black "Mittelmayer, Vladimir"]
[Result "0-1"]
[WhiteElo "1769"]
[BlackElo "1284"]
[PlyCount "80"]
[EventDate "2016.08.13"]
[EventType "swiss"]
[EventRounds "9"]
[EventCountry "GER"]
[SourceTitle "EXT 2019"]
[Source "ChessBase"]
[SourceDate "2018.10.10"]
[SourceVersion "1"]
[SourceVersionDate "2018.10.10"]
[SourceQuality "1"]

1. Nf3 d5 2. g3 Nf6 3. d3 h6 4. Bg2 c6 5. 0-0 Bf5 6. b3 e6 7. Bb2 Be7 8. Nbd2 Nbd7 9. Re1 0-0 10. Nh4 Bh7 11. e4 dxe4 12. dxe4 Qc7 13. Nhf3 Rad8 14. c4 Nc5 15. Ne5 Nfxe4 16. Bxe4 Nxe4 17. Rxe4 Bxe4 18. Qg4 Bf5 19. Qe2 Bf6 20. c5 Rd5 21. Ndf3 Rfd8 22. b4 Bxe5 23. Bxe5 Qd7 24. Bd6 Rxd6 25. cxd6 Qxd6 26. a3 Bg4 27. Kg2 Qd5 28. h3 Bxf3+ 29. Qxf3 Qxf3+ 30. Kxf3 f6 31. Ke3 Kf7 32. f4 Ke7 33. Rc1 e5 34. f5 Rd4 35. Rc3 Kd6 36. Rb3 Kd5 37. Rc3 b6 38. Rb3 Kc4 39. Rb1 Rd3+ 40. Ke4 Rxa3 0-1

[Event "GER-chA Seniors 27th"]
[Site "Magdeburg"]
[Date "2015.08.15"]
[Round "1"]
[White "Wiegandt, Klaus"]
[Black "Kierzek, Mira"]
[Result "0-1"]
[WhiteElo "1797"]
[BlackElo "2062"]
[PlyCount "84"]
[EventDate "2015.08.15"]
[EventType "swiss"]
[EventRounds "9"]
[EventCountry "GER"]
[SourceTitle "EXT 2018"]
[Source "ChessBase"]
[SourceDate "2017.10.13"]
[SourceVersion "1"]
[SourceVersionDate "2017.10.13"]
[SourceQuality "1"]

1. Nf3 d5 2. g3 Nf6 3. Bg2 g6 4. 0-0 Bg7 5. d3 0-0 6. Nbd2 c5 7. e4 e6 8. c3 Nc6 9. Re1 b6 10. d4 cxd4 11. e5 Nd7 12. cxd4 b5 13. Nf1 Qb6 14. Be3 Bb7 15. Rc1 Rac8 16. h4 Ne7 17. Bh3 Nf5 18. Bf4 Rxc1 19. Qxc1 Rc8 20. Qd2 Rc4 21. Rd1 b4 22. Ne3 Nxe3 23. Bxe3 a5 24. Bf1 Rc8 25. Rc1 Rc6 26. Rxc6 Qxc6 27. Qc1 Qb6 28. Nd2 a4 29. f4 f6 30. Nf3 Kf7 31. Ne1 fxe5 32. fxe5 Nb8 33. Nd3 Nd7 34. Nc5 Nxc5 35. dxc5 Qc7 36. Bd4 Bxe5 37. Bxe5 Qxe5 38. Qf4+ Qxf4 39. gxf4 Bc6 40. Kf2 Kf6 41. Ke3 e5 42. fxe5+ Kxe5 0-1

[Event "Niedersachsen-ch Seniors op 14th"]
[Site "Bad Bevensen"]
[Date "2011.07.07"]
[Round "3"]
[White "Wiegandt, Klaus"]
[Black "Samarian, Cornel"]
[Result "0-1"]
[WhiteElo "1542"]
[BlackElo "1650"]
[PlyCount "120"]
[EventDate "2011.07.05"]
[EventType "swiss"]
[EventRounds "9"]
[EventCountry "GER"]
[SourceTitle "EXT 2012"]
[Source "ChessBase"]
[SourceDate "2011.11.24"]
[SourceVersion "1"]
[SourceVersionDate "2011.11.24"]
[SourceQuality "1"]

1. Nf3 Nf6 2. g3 e6 3. Bg2 d5 4. 0-0 Be7 5. d3 0-0 6. Nbd2 Nbd7 7. e4 dxe4 8. dxe4 h6 9. e5 Nh7 10. Re1 f6 11. Nc4 Rf7 12. h4 Nb6 13. Qe2 Nxc4 14. Qxc4 Nf8 15. Bf4 c6 16. Rad1 Qb6 17. b3 Bc5 18. Re2 f5 19. Red2 Re7 20. c3 a5 21. Qe2 Bd7 22. Nh2 Be8 23. g4 Bf7 24. gxf5 exf5 25. h5 Be6 26. Nf3 Ree8 27. Bh3 Rad8 28. Nd4 Bxd4 29. cxd4 Re7 30. Kh2 Rdd7 31. Be3 Qd8 32. Rg1 Kh8 33. Rg3 Rf7 34. f4 Bd5 35. Rd1 Ne6 36. Qf2 Be4 37. Bg2 Bxg2 38. Rxg2 c5 39. Rdg1 cxd4 40. Bc1 d3 41. Ba3 Rc7 42. Bd6 Rc3 43. Rd1 Qc8 44. Qf1 Qc6 45. Rxd3 Rxd3 46. Qxd3 Nxf4 47. Qg3 Qxg2+ 48. Qxg2 Nxg2 49. Kxg2 Rd7 50. Kg3 Kh7 51. Kf4 g6 52. a3 Kg7 53. b4 axb4 54. axb4 Rd8 55. b5 Rc8 56. e6 Rc4+ 57. Kf3 Re4 58. e7 g5 59. b6 Kf7 60. Kg3 Rh4 0-1

[Event "Niedersachsen-ch Seniors op 10th"]
[Site "Bad Bevensen"]
[Date "2007.07.05"]
[Round "3"]
[White "Wiegandt, Klaus"]
[Black "Nietsch, Horst"]
[Result "0-1"]
[WhiteElo "1587"]
[BlackElo "1876"]
[PlyCount "100"]
[EventDate "2007.07.03"]
[EventType "swiss"]
[EventRounds "9"]
[EventCountry "GER"]
[SourceTitle "EXT 2022"]
[Source "ChessBase"]
[SourceDate "2021.10.06"]
[SourceVersion "1"]
[SourceVersionDate "2021.10.06"]
[SourceQuality "1"]

1. Nf3 d5 2. g3 c6 3. Bg2 Bg4 4. d3 Nf6 5. 0-0 Nbd7 6. Nbd2 e5 7. e4 Bd6 8. h3 Bh5 9. Qe1 0-0 10. Nh4 Bg6 11. f4 exf4 12. gxf4 dxe4 13. dxe4 Re8 14. Nxg6 hxg6 15. e5 Nh5 16. Ne4 Be7 17. Qc3 Qc7 18. Be3 Nb6 19. Bd2 Nd5 20. Qf3 f5 21. Ng3 Nxg3 22. Qxg3 Bc5+ 23. Kh2 Qf7 24. c4 Nc7 25. b3 Ne6 26. Rad1 Rad8 27. Ba5 Bb6 28. Bb4 a5 29. Bd6 Rd7 30. Qf3 Red8 31. Ba3 Rxd1 32. Rxd1 Rxd1 33. Qxd1 Nxf4 34. Bd6 Ne6 35. Qd2 g5 36. Qc3 Bd8 37. c5 Nf4 38. Qc4 Qxc4 39. bxc4 Nxg2 40. e6 Ne3 41. e7 Bxe7 42. Bxe7 g4 43. Bg5 Nxc4 44. hxg4 fxg4 45. Kg3 Kf7 46. Kxg4 Ke6 47. Kf4 Kd5 48. Be7 a4 49. Bf8 g6 50. Bd6 Nxd6 0-1

[Event "GER-ch Seniors 18th"]
[Site "Dresden"]
[Date "2006.07.26"]
[Round "5"]
[White "Wiegandt, Klaus"]
[Black "Neumeister, Herbert D"]
[Result "1/2-1/2"]
[WhiteElo "1576"]
[BlackElo "1754"]
[PlyCount "49"]
[EventDate "2006.07.22"]
[EventType "swiss"]
[EventRounds "9"]
[EventCountry "GER"]
[SourceTitle "EXT 2022"]
[Source "ChessBase"]
[SourceDate "2021.10.06"]
[SourceVersion "1"]
[SourceVersionDate "2021.10.06"]
[SourceQuality "1"]

1. Nf3 Nf6 2. g3 d5 3. d3 Bf5 4. Bg2 e6 5. 0-0 Nbd7 6. Nbd2 h6 7. Re1 Bc5 8. h3 0-0 9. e4 Bg6 10. e5 Ne8 11. d4 Bb6 12. c3 c5 13. Nf1 Rc8 14. Be3 f6 15. Bf4 Be4 16. N1h2 g5 17. Be3 Ng7 18. Ng4 Nf5 19. Nd2 Bxg2 20. Kxg2 cxd4 21. cxd4 fxe5 22. dxe5 d4 23. Nxh6+ Nxh6 24. Qh5 dxe3 25. Qg6+ 1/2-1/2